The Croatian Catholic Church and the long road to Jasenovac
| Main Author: | |
|---|---|
| Format: | Print Article |
| Language: | English |
| Check availability: | HBZ Gateway |
| Interlibrary Loan: | Interlibrary Loan for the Fachinformationsdienste (Specialized Information Services in Germany) |
| Published: |
2011
|
| In: |
Nordic journal of religion and society (NJRS)
Year: 2011, Volume: 24, Issue: 1, Pages: 37-56 |
| Standardized Subjects / Keyword chains: | B
Croatia
/ Holy See (motif)
/ Coming to terms with the past
/ Ustaša
|
| RelBib Classification: | CG Christianity and Politics KBK Europe (East) KDB Roman Catholic Church |
MARC
| LEADER | 00000caa a22000002c 4500 | ||
|---|---|---|---|
| 001 | 1646869702 | ||
| 003 | DE-627 | ||
| 005 | 20220616125843.0 | ||
| 007 | tu | ||
| 008 | 160405s2011 xx ||||| 00| ||eng c | ||
| 035 | |a (DE-627)1646869702 | ||
| 035 | |a (DE-576)467548587 | ||
| 035 | |a (DE-599)BSZ467548587 | ||
| 040 | |a DE-627 |b ger |c DE-627 |e rakwb | ||
| 041 | |a eng | ||
| 084 | |a 1 |a 0 |2 ssgn | ||
| 100 | 1 | |a Kolstø, Pål |4 aut | |
| 245 | 1 | 4 | |a The Croatian Catholic Church and the long road to Jasenovac |
| 264 | 1 | |c 2011 | |
| 336 | |a Text |b txt |2 rdacontent | ||
| 337 | |a ohne Hilfsmittel zu benutzen |b n |2 rdamedia | ||
| 338 | |a Band |b nc |2 rdacarrier | ||
| 601 | |a Jasenovac | ||
| 652 | |a CG:KBK:KDB | ||
| 689 | 0 | 0 | |d g |0 (DE-588)4073841-3 |0 (DE-627)104616636 |0 (DE-576)209191627 |2 gnd |a Kroatien |
| 689 | 0 | 1 | |d b |0 (DE-588)2009545-4 |0 (DE-627)101659261 |0 (DE-576)191644501 |2 gnd |a Katholische Kirche |
| 689 | 0 | 2 | |d s |0 (DE-588)4061672-1 |0 (DE-627)104106611 |0 (DE-576)209140771 |2 gnd |a Vergangenheitsbewältigung |
| 689 | 0 | 3 | |d b |0 (DE-588)278317-4 |0 (DE-627)100528139 |0 (DE-576)192576232 |2 gnd |a Ustaša |
| 689 | 0 | |5 (DE-627) | |
| 773 | 0 | 8 | |i In |t Nordic journal of religion and society (NJRS) |d Oslo : Universitetsforlaget, 2005 |g 24(2011), 1, Seite 37-56 |w (DE-627)503330000 |w (DE-600)2210678-9 |w (DE-576)121600203 |x 0809-7291 |7 nnas |
| 773 | 1 | 8 | |g volume:24 |g year:2011 |g number:1 |g pages:37-56 |
| 935 | |a mteo | ||
| 951 | |a AR | ||
| ELC | |b 1 | ||
| ITA | |a 1 |t 1 | ||
| LOK | |0 000 xxxxxcx a22 zn 4500 | ||
| LOK | |0 001 3320557602 | ||
| LOK | |0 003 DE-627 | ||
| LOK | |0 004 1646869702 | ||
| LOK | |0 005 20160405161943 | ||
| LOK | |0 008 160404||||||||||||||||ger||||||| | ||
| LOK | |0 040 |a DE-Tue135 |c DE-627 |d DE-Tue135 | ||
| LOK | |0 092 |o n | ||
| LOK | |0 852 |a DE-Tue135 | ||
| LOK | |0 852 1 |9 00 | ||
| LOK | |0 935 |a ixzs |a ixmi | ||
| LOK | |0 936ln |0 1442048824 |a KBK | ||
| LOK | |0 936ln |0 1442049839 |a KDB | ||
| LOK | |0 936ln |0 1442043911 |a CG | ||
| LOK | |0 939 |a 04-04-16 |b l01 | ||
| ORI | |a SA-MARC-ixtheoa001.raw | ||
| REL | |a 1 | ||
| STA | 0 | 0 | |a Coming to terms with the past,Coming to terms with the past,Past,Croatia,Croatia,Northern Croatia,Holy See (motif),Catholic church,Catholic Church,Catholic Church,Former pilgrimage church Saint Ottilia |
| STB | 0 | 0 | |a Fait d’assumer son passé,Fait d’assumer son passé,Acceptation du passé,Acceptation du passé,Acceptation du passé (motif),Acceptation du passé,Saint-Siège (motif),Église catholique,Église catholique |
| STC | 0 | 0 | |a Elaboración del pasado,Elaboración del pasado,Movimiento juvenil católico |
| STD | 0 | 0 | |a Chiesa cattolica,Elaborazione del passato <motivo>,Elaborazione del passato,Vergangenheitsbewältigung,Superamento del passato,Vergangenheitsbewältigung,Superamento del passato,Vergangenheitsbewältigung (motivo),Superamento del passato (motivo),Vergangenheitsbewältigung,Superamento del passato |
| STE | 0 | 0 | |a 天主教会,罗马公教,面对过去,面对过去,克服过去,克服过去 |
| STF | 0 | 0 | |a 天主教會,羅馬公教,面對過去,面對過去,克服過去,克服過去 |
| STG | 0 | 0 | |a Elaboração do passado,Elaboração do passado,Igreja católica |
| STH | 0 | 0 | |a Католическая церковь (мотив),Преодоление прошлого (мотив),Преодоление прошлого |
| STI | 0 | 0 | |a Καθολική Εκκλησία (μοτίβο),Συμφιλίωση με το παρελθόν <μοτίβο>,Συμφιλίωση με το παρελθόν,Επεξεργασία του παρελθόντος,Επεξεργασία του παρελθόντος (μοτίβο) |
| SUB | |a REL | ||
| SYG | 0 | 0 | |a Republik Kroatien,Kroatien-Slawonien-Dalmatien,Dalmatien-Kroatien-Slawonien,Nezavisna Država Hrvatska,Narodna Republika Hrvatska,Kraljevina Dalmacija, Hrvatska i Slavonija,Kr. Hrv., Slav., Dalm.,Hrv., Slav., Dalm.,Kr. Hrv., Slav.,Kraljevina Hrvatska-Slavonija,Hrvatska-Slavonija,Königreiche Kroatien-Slavonien,Königreich Kroatien-Slavonien,Kroatien-Slavonien,Croatien-Slawonien,Königreiche Croatien-Slawonien,Königreich Croatien-Slawonien,Vereinigte Königreiche Kroatien Slavonien Dalmatien,Königreiche Kroatien Slavonien Dalmatien,Banovina Hrvatska,Kroatien und Slavonien,República de Croacia,HR,Hrvatska,Croatia,SR Hrvatska,Kraljevina Hrvatska, Slavonija, Dalmacija,Hrvatska, Slavonija, Dalmacija,Kraljevina Hrvatska, Slavonija,Hrvatska i Slavonija,NR Hrvatska,Republika Hrvatska,Socijalistička Republika Hrvatska,Republic of Croatia,Kraljevina Dalmacija, Hrvatska, Slavonija,SR Hrvatska,Kraljevina Hrvtska-Slavonija,Poeple's Republic of Croatia,Vlade Narodne Republike Hrvatske,Volksrepublik Kroatien , Katolikus Egyház,RCC,Katoličeskaj Cerkovʹ,Katoličke Cerkve,Katolska Cyrkej,Katolske Kirke,Ecclesia Catholica,Igreja Católica,Römisch-Katholische Kirche,Katholikē Ekklēsia,Catholic Church,Roman Catholic Church,Eglise Catholique,Eglise Catholique Romaine,Chiesa Cattolica,Katholieke Kerk,Iglesia Católica,Katolické Církve,Kościoł Katolicki,Katoličke Crkve,Eglise catholique romaine,Chiesa cattolica romana,Roman catholic Church,Eglise catholique,Römische Kirche , Eglise catholique,Roman Catholic Church,Catholic Church , Ehemalige Wallfahrtskirche Sankt Ottilia , Unbewältigte Vergangenheit,"Unbewältigte" Vergangenheit,Vergangenheit,Vergangenheitsaufarbeitung,Aufarbeitung , Ustascha,Ustascia,Ustascha-Bewegung,Ustaša Hrvatska Recolucionarna Organizacija,Ūstaši |
| TIM | |a 100019290101_100020261231 |b 1929 - 2026 | ||



